banner-ar

KUNSTWERKE VOM SEPIK / (Record no. 20623)

MARC details
000 -الفاتح
حقل البيانات ثابتة الطول 00391nam a2200169Ia 4500
040 ## - مصدر الفهرسة
وكالة الفهرسة الأصلية GCL /
وكالة النسخ GCL
082 04 - رقم تصنيف ديوى العشرى
رقم التصنيف 069
رقم المادة S K
100 1# - المدخل الرئيسى - إسم شخصى
الإسم الشخصى SPEISER, F.
245 10 - بيان العنوان
العنوان KUNSTWERKE VOM SEPIK /
بيان المسئوليه,etc SPEISER, F.
260 ## - PUBLICATION, DISTRIBUTION, ETC. (IMPRINT)
تاريخ النشر أو التوزيع 1954
300 ## - الوصف المادى
التعداد 34 P
650 04 - المدخل الاضافى بالموضوع-مصطلح موضوعى
مصطلح موضوعي MUSEUMS
650 04 - المدخل الاضافى بالموضوع-مصطلح موضوعى
مصطلح موضوعي ART, NEW GUINEA
650 04 - المدخل الاضافى بالموضوع-مصطلح موضوعى
مصطلح موضوعي NEW GUINEA
942 ## - عناصر المدخل الإضافي( كوها)
مصدر التصنيف او مخطط الترفيف Dewey Decimal Classification
Koha [default] item type كتاب
260 ## - PUBLICATION, DISTRIBUTION, ETC. (IMPRINT)
-- [S.N] :
-- MUSEUM FUR VOLKSKUNDE ،
Holdings
حالة التراجع حالة الفقد حالة تلف ليس للاعارة المكان المؤقت الموقع الحالى تاريخ الاكتساب اجمالي اﻻعارات رقم الطلب الباركود تاريخ اخر مشاهدة تاريخ تفعيل السعر نوع وعاء كوها
        مكتبة القاهرة الكبرى مكتبة القاهرة الكبرى 03/26/2014   069\S K 38566 03/26/2014 03/26/2014 كتاب

Powered By

EGPV